Computer Exports by Country - Statistics

General Stats
  • This quiz has been taken 23 times
  • The average score is 6 of 11
Answer Stats
Value
(Billions)
Answer % Correct
$149.9 China
100%
$30.6 USA
91%
$15 Germany
86%
$39 Taiwan
86%
$10.2 Thailand
55%
$19.1 Vietnam
55%
$29.4 Mexico
50%
$9.8 Singapore
50%
$16 Netherlands
27%
$12.1 Czech Republic
14%
$26 Hong Kong
5%
No matching quizzes found
Score Distribution
Percent of People with Each Score
Percentile by Number Answered
Your Score History
You have not taken this quiz